000 00253nam a22000977a 4500
999 _c11778
_d11778
008 200215b ||||| |||| 00| 0 eng d
020 _a9789332425170
100 _aGupta
_97462
245 _aBed Time Fairy Tales
260 _aNew delhi
_bPaper Clip Books
_c2018